| 000 | 00519nam a22001817a 4500 | ||
|---|---|---|---|
| 999 |
_c157556 _d157556 |
||
| 005 | 20181020103530.0 | ||
| 010 | _aENG-123993 | ||
| 020 |
_a9789352660056 _c600.00 |
||
| 035 | _aEN-107525 | ||
| 037 | _bDBAD/PUB | ||
| 082 | _a488.1 | ||
| 100 | _aJain, Subhash | ||
| 245 |
_aImprove your word power / _cby Subhash Jain |
||
| 260 |
_aNew Delhi _bPrabhat Prakashan _c2017 |
||
| 270 |
_bNew Delhi _e110002 _a4/19, Asaf Ali Road, |
||
| 300 |
_a468p. _c22cm.(Hb.) _bill. |
||
| 942 |
_2ddc _cEN _h488.1 _mJAI |
||